| 000 | 01003cam a2200205 4500 | ||
|---|---|---|---|
| 001 | ABS67250 | ||
| 008 | 031121n2003 000 0 eng u | ||
| 035 | _a(Sirsi) u124398 | ||
| 100 | _aSparks, A. | ||
| 245 | _aDiffusing demands | ||
| 260 | _c2003 | ||
| 490 |
_aNew Civil Engineer _vWater Supplement 16 October 2003, 21(1) |
||
| 520 | _aLooks at the problems of diffuse water pollution, its causes, and ways of minimising the problem. A key concern of the Water Framework Directive (Directive 2000/60/EC) is water quality. From 2012 it will cover many sources of water pollution, and these will include run off from drains and agricultural land. The article examines sustainable drainage systems. Whilst these are useful in reducing run-off peaks, they are also helpful in dealing with diffuse pollution. | ||
| 590 | _aABS | ||
| 650 | _aWATER POLLUTION | ||
| 650 | _aDIRECTIVE 2000/60/EC | ||
| 650 | _aSUSTAINABLE URBAN DRAINAGE SYSTEMS | ||
| 690 | _aENVIRONMENT-CONTAMINATION | ||
| 942 | _n0 | ||
| 999 |
_c73823 _d73823 |
||